| 000 | 00792nam a22002057a 4500 | ||
|---|---|---|---|
| 005 | 20120726101720.0 | ||
| 010 | _aG-002069 | ||
| 020 |
_a 9788129115638 _c495.00 |
||
| 035 | _aG-002069 | ||
| 037 |
_adpl _bGift |
||
| 082 | _a320.954 | ||
| 100 |
_aShourie, Arun _950473 |
||
| 245 |
_aWe must have no price ; _bNational security, Reforms, Political Reconstruction _cby Arun Shourie |
||
| 260 |
_aNew Delhi _bRupa and Co. _c2010 |
||
| 270 |
_a7/16, Ansari road, Daryaganj _bNew Delhi _e110002 |
||
| 300 |
_a343 p. _bindex.. _c22 cm. |
||
| 942 |
_2ddc _cEN _mSHO _h320.954 |
||
| 999 |
_c68689 _d68689 |
||